Statistics for Players who have won Champions League with more than one club

Click here to take the quiz!

General Stats

  • This quiz has been taken 25 times
  • The average score is 6 of 13

Answer Stats

YearsAnswer% Correct
2008/2014/2016/2017Ronaldo
100%
2013/2016/2017Kroos
81%
1995/1998/2003/2007Seedorf
67%
2004/2006Deco
52%
1995/2008Van Der Sar
48%
2006/2009/2010Eto'o
48%
1993/1994Desailly
38%
2001/2008Hargreaves
38%
2004/2012Ferreira
38%
2004/2012Bosingwa
29%
1993/1996Deschamps
24%
1996/1997Sousa
24%
1994/1998Panucci
19%

Score Distribution

Percentile by Number Answered

Percent of People with Each Score

Your Score History

You have not taken this quiz